Missing Word: 3-Word #1 Artists Quiz Stats

 Plays Quiz Updated Jul 20, 2014

Support Sporcle.
Go Orange.
Score 0/22 Timer 05:00
1 Play Today
Artist Missing Word % Correct
The Beach ____Boys
98.8%
The ____ StonesRolling
94.2%
Olivia ____-JohnNewton
93.8%
____ Shop BoysPet
81.6%
The ____ RascalsYoung
78.2%
____ Young CannibalsFine
75.6%
____ Dog NightThree
74.9%
____ Me BaddColor
71.5%
____ Funk RailroadGrand
71.4%
The ____ SpoonfulLovin'
70.7%
The ____ BrothersEverly
70%
Artist Missing Word % Correct
Bachman-Turner ____Overdrive
69.9%
The ____ BrothersDoobie
65.8%
Carly Rae ____Jepsen
63.8%
The ____ LeagueHuman
62.8%
____ Sound MachineMiami
58.2%
____ White BandAverage
46.6%
Starland ____ BandVocal
38.2%
____ Alarm ClockStrawberry
34.9%
____ Moe DeeKool
29.2%
____ to PowerWill
23.1%
____ and EvansZager
15.6%

Today's Daily Dose

You're not logged in!

Compare scores with friends on all Sporcle quizzes.
OR
Log In

From the Vault

Sunday Crossword: Vicious Circles

by Purple_Parrot

Don't screw with circles. They have infinite sides.
Remove Ads.
Support Sporcle.
Get the best of Sporcle when you Go Orange. This ad-free experience offers more features, more stats, and more fun while also helping to support Sporcle. Thank you for becoming a member.

Show Comments

Extras

Top Quizzes Today


Score Distribution

Your Account Isn't Verified!

In order to create a playlist on Sporcle, you need to verify the email address you used during registration. Go to your Sporcle Settings to finish the process.

Report this User

Report this user for behavior that violates our Community Guidelines.

Details: